| 000 | 01030nam a22002537a 4500 | ||
|---|---|---|---|
| 005 | 20240530110528.0 | ||
| 008 | 160309s2013 ua g b 000 0 ara d | ||
| 017 |
_a2012/11685 _bمصر . دار الكتب المصرية |
||
| 020 | _a9789774102822 | ||
| 040 | _aEG-CaGPL | ||
| 082 | 0 | 4 |
_221 _a361.25\ _bس س |
| 100 | 0 | _aسهام القبندى | |
| 245 | 1 | 2 |
_aالسياسة الاجتماعية و الممارسة المهنية للخدمة الاجتماعية / _cسهام القبندى |
| 250 | _aط1 | ||
| 260 |
_aالقاهرة : _bالمكتبة العصرية للنشر و التوزيع ، _c2013 . |
||
| 300 |
_a228 ص ؛ _c24 سم . |
||
| 504 | _aيشتمل على ارجاعات ببليوجرافية | ||
| 650 | 0 | 4 | _aالخدمة الاجتماعية |
| 650 | 0 | 4 |
_aالخدمة الاجتماعية _xقوانين و تشريعات |
| 650 | 0 | 4 | _aالارشاد الاجتماعى |
| 650 | 0 | 4 | _aالشئون الاجتماعية |
| 942 |
_2ddc _cBK |
||
| 999 |
_c62031 _d62031 |
||